000 00615nam a2200181Ia 4500
003 GCL
008 140319s9999 xx 000 0 eng d
040 _aGCL /
_cGCL
082 0 4 _a327.09045
_bK O
100 1 _aKUNIHOLM , BRUCE R
245 1 0 _aTHE ORIGINS OF COLD WAR IN THE NEAR EAST : GREAT POWER CONFLICT AND DIPLOMACY IN IRAN , TURKEY , AND GREECE /
_cKUNIHOLM , BRUCE R
260 _a[S.N] :
_bPRINCETON UNIVERSITY PRESS ،
_c1994
300 _a509 P P
650 0 4 _aRUSSIA - FOREIGN RELATION
650 0 4 _aNEAREAST - POLITICS GOVERNMENT
650 0 4 _aUNITED STATES - FOREIGN RELATIONS
942 _2ddc
_cBK
999 _c11131
_d11131